| 000 | 00902nam a2200265 a 4500 | ||
|---|---|---|---|
| 001 | 000040697 | ||
| 003 | DO-SdBNP | ||
| 005 | 20240308073620.0 | ||
| 007 | ta | ||
| 008 | 130905s2013 dr a 000 0 spa d | ||
| 020 | _a9789945006988 | ||
| 040 |
_aDO-SdBNP _bspa _cBNPHU |
||
| 082 |
_axxxx _bS787v |
||
| 100 | 1 |
_aStanley, Avelino, _d1959- _91536 |
|
| 245 | 1 | 0 |
_aValores en la vida de Juan Pablo Duarte / _cAvelino Stanley ; ilustraciones Miguel Núñez |
| 260 |
_aSanto Domingo, : _bSuperintendencia de Pensiones, _c2013. |
||
| 300 |
_a91 p. : _bil. ; _c22 cm. |
||
| 500 | _aIncluye datos biográficos del autor y el ilustrador en las paginas 90 y 91 | ||
| 500 | _aEdición especial de la Superintendencia de Pensiones (SIPEN). | ||
| 504 | _aBibliografía p: 81-84 | ||
| 590 | _aInventariado, 2022/ YL | ||
| 700 | 1 | 2 |
_aNúñez, Miguel _eil. _962070 |
| 910 | _aYLockward | ||
| 942 |
_2ddc _cLBS1 |
||
| 999 |
_c40187 _d40187 |
||